Central Library OPAC University of Rajshahi

Axiomatic set theory / (Record no. 6612)

MARC details
000 -LEADER
fixed length control field 00778nam a2200253 4500
001 - CONTROL NUMBER
control field 6612
003 - CONTROL NUMBER IDENTIFIER
rucl marc code BD-RjUL
005 - DATE AND TIME OF LATEST TRANSACTION
control field 20211208234258.0
008 - FIXED-LENGTH DATA ELEMENTS--GENERAL INFORMATION
fixed length control field 700828s1958 ne b 001 0 eng d
035 ## - SYSTEM CONTROL NUMBER
System control number (BD-RjUL)6653
040 ## - CATALOGING SOURCE
Original cataloging agency DLC
Transcribing agency DLC
Modifying agency DLC
-- (BD-RjUL)
Language of cataloging eng
041 ## - LANGUAGE CODE
Language code of text/sound track or separate title eng
082 00 - DEWEY DECIMAL CLASSIFICATION NUMBER
Classification number 512.817
Author mark and year BEA
100 1# - MAIN ENTRY--PERSONAL NAME
Personal name Bernays, Paul,
Dates associated with a name 1888-
9 (RLIN) 20795
245 10 - TITLE STATEMENT
Title Axiomatic set theory /
Statement of responsibility, etc. With a historical introd. by Abraham A. Fraenkel.
260 ## - PUBLICATION, DISTRIBUTION, ETC. (IMPRINT)
Place of publication, distribution, etc. Amsterdam,
Name of publisher, distributor, etc. North-Holland Pub. Co.,
Date of publication, distribution, etc. 1958
300 ## - PHYSICAL DESCRIPTION
Pagination viii, 227 p.
Size 23 cm.
504 ## - BIBLIOGRAPHY, ETC. NOTE
Bibliography, etc Bibliography: p. [219]-227.
650 #0 - SUBJECT ADDED ENTRY--TOPICAL TERM
Topical term or geographic name as entry element Axiomatic set theory.
9 (RLIN) 20797
942 ## - ADDED ENTRY ELEMENTS (KOHA)
Source of classification or shelving scheme Dewey Decimal Classification
Koha item type Books
Holdings
Lost status Source of classification or shelving scheme Damaged status Not for loan Collection code Permanent Location Current Location Shelving location Date acquired Source of acquisition Cost, normal purchase price Total Checkouts Full call number Date last seen Copy number Koha item type
  Dewey Decimal Classification   Not For Loan Non-fiction Central Library, University of Rajshahi Central Library, University of Rajshahi   08/12/1967 Book center 44.00   512.817 BEA 1958 11/01/2014 C-1 Books